Alternatives to litigation between administrative authorities and private parties: adopted by the Committee of Ministers of the Council of Europe on 5 September 2001 and explanatory memorandum
| Körperschaft: | |
|---|---|
| Medienart: | Druck Buch |
| Sprache: | Englisch |
| Veröffentlicht: |
Strasbourg
Council of Europe Publ.
2002
|
| In: |
Recommendation adopted by the Committee of Ministers of the Council of Europe (Rec 2001,9)
Jahr: 2002 |
| Bestand in Tübingen: | In Tübingen vorhanden. UB: KB 8 E 9503 |
| Verfügbarkeit prüfen: | HBZ Gateway |
| Subito Bestelldienst: | Jetzt bestellen. |
| Schlagwörter: | |
| Parallele Ausgabe: | Franz. Ausg. u.d.T.: Les modes alternatifs de règlement des litiges entre les autorités administratives et les personnes privées: |
MARC
| LEADER | 00000cam a2200000 c 4500 | ||
|---|---|---|---|
| 001 | 1169821197 | ||
| 003 | DE-627 | ||
| 005 | 20240329082836.0 | ||
| 007 | tu | ||
| 008 | 020716s2002 fr ||||| 00| ||eng c | ||
| 020 | |a 9287148090 |9 92-871-4809-0 | ||
| 024 | 3 | |a 9789287148094 | |
| 035 | |a (DE-627)1169821197 | ||
| 035 | |a (DE-576)099821192 | ||
| 035 | |a (DE-599)BSZ099821192 | ||
| 035 | |a (OCoLC)248625268 | ||
| 035 | |a (OCoLC)314218654 | ||
| 035 | |a (OCoLC)248625268 | ||
| 035 | |a (AT-OBV)AC03552230 | ||
| 040 | |a DE-627 |b ger |c DE-627 |e rakwb | ||
| 041 | |a eng | ||
| 044 | |c XA-FR | ||
| 050 | 0 | |a KJC4169.A5 | |
| 050 | 0 | |a KJC4169.A5 | |
| 084 | |a 3,7 |2 ssgn | ||
| 084 | |a PS 4020 |2 rvk |0 (DE-625)rvk/139828: | ||
| 084 | |a 86.49 |2 bkl | ||
| 245 | 0 | 0 | |a Alternatives to litigation between administrative authorities and private parties |b adopted by the Committee of Ministers of the Council of Europe on 5 September 2001 and explanatory memorandum |c [Council of Europe] |
| 264 | 1 | |a Strasbourg |b Council of Europe Publ. |c 2002 | |
| 300 | |a 54 S. | ||
| 336 | |a Text |b txt |2 rdacontent | ||
| 337 | |a ohne Hilfsmittel zu benutzen |b n |2 rdamedia | ||
| 338 | |a Band |b nc |2 rdacarrier | ||
| 490 | 1 | |a Recommendation |v Rec 2001,9 | |
| 490 | 0 | |a Legal issues | |
| 500 | |a Franz. Ausg. u.d.T.: Les modes alternatifs de règlement des litiges entre les autorités administratives et les personnes privées | ||
| 583 | 1 | |a Archivierung prüfen |c 20240324 |f DE-4165 |z 1 |2 pdager | |
| 650 | 4 | |a Conciliation (Civil procedure) |x Europe | |
| 650 | 4 | |a Dispute resolution (Law) |x Europe | |
| 650 | 4 | |a Mediation |x Europe | |
| 655 | 7 | |a Quelle |0 (DE-588)4135952-5 |0 (DE-627)105661236 |0 (DE-576)209665084 |2 gnd-content | |
| 689 | 0 | 0 | |d s |0 (DE-588)4063317-2 |0 (DE-627)106128507 |0 (DE-576)209148136 |a Verwaltung |2 gnd |
| 689 | 0 | 1 | |d s |0 (DE-588)4134791-2 |0 (DE-627)10566989X |0 (DE-576)209655305 |a Privater |2 gnd |
| 689 | 0 | 2 | |d s |0 (DE-588)4139832-4 |0 (DE-627)105632430 |0 (DE-576)209697679 |a Rechtsstreit |2 gnd |
| 689 | 0 | |5 DE-101 | |
| 689 | 1 | 0 | |d b |0 (DE-588)36821-0 |0 (DE-627)10084457X |0 (DE-576)190348828 |a Europarat |2 gnd |
| 689 | 1 | 1 | |d s |0 (DE-588)4139832-4 |0 (DE-627)105632430 |0 (DE-576)209697679 |a Rechtsstreit |2 gnd |
| 689 | 1 | 2 | |d s |0 (DE-588)4284136-7 |0 (DE-627)104333227 |0 (DE-576)210788879 |a Beilegung |2 gnd |
| 689 | 1 | |5 (DE-627) | |
| 689 | 2 | 0 | |d b |0 (DE-588)1021312-0 |0 (DE-627)103461337 |0 (DE-576)191257117 |a Europarat |b Ministerrat |2 gnd |
| 689 | 2 | |5 (DE-627) | |
| 689 | 3 | 0 | |d b |0 (DE-588)5098525-5 |0 (DE-627)132918269 |0 (DE-576)194702391 |a Europäische Union |2 gnd |
| 689 | 3 | 1 | |d s |0 (DE-588)4117368-5 |0 (DE-627)10579984X |0 (DE-576)209509333 |a Verwaltungsstreitverfahren |2 gnd |
| 689 | 3 | 2 | |d s |0 (DE-588)4134791-2 |0 (DE-627)10566989X |0 (DE-576)209655305 |a Privater |2 gnd |
| 689 | 3 | |5 (DE-627) | |
| 710 | 2 | |a Europarat |0 (DE-588)36821-0 |0 (DE-627)10084457X |0 (DE-576)190348828 |4 oth | |
| 776 | 0 | 8 | |i Franz. Ausg. u.d.T. |a Les modes alternatifs de règlement des litiges entre les autorités administratives et les personnes privées |
| 810 | 2 | |a Europarat |b Ministerrat |t Recommendation adopted by the Committee of Ministers of the Council of Europe |v Rec 2001,9 |9 R 2001,9 |w (DE-627)480408777 |w (DE-576)9480408775 |w (DE-600)2179346-3 |7 am | |
| 889 | |w (DE-627)350673543 | ||
| 935 | |i mdedup | ||
| 936 | r | v | |a PS 4020 |b Quellen |k Rechtswissenschaft |k Europarecht; Recht der Europäischen Gemeinschaften bzw. der Europäischen Union und der sonstigen europäischen Organisationen; Europäische Rechtsvereinheitlichung |k Europarat |k Quellen |0 (DE-627)1271436396 |0 (DE-625)rvk/139828: |0 (DE-576)201436396 |
| 936 | b | k | |a 86.49 |j Verwaltungsprozessrecht |0 (DE-627)106413538 |
| 951 | |a BO | ||
| ELC | |b 1 | ||
| LOK | |0 000 xxxxxcx a22 zn 4500 | ||
| LOK | |0 001 2414175907 | ||
| LOK | |0 003 DE-627 | ||
| LOK | |0 004 1169821197 | ||
| LOK | |0 005 20030404000000 | ||
| LOK | |0 008 020814||||||||||||||||ger||||||| | ||
| LOK | |0 040 |a DE-21 |c DE-627 |d DE-21 | ||
| LOK | |0 852 |a DE-21 | ||
| LOK | |0 852 1 |c KB 8 E 9503 |9 00 | ||
| LOK | |0 935 |a krim | ||
| LOK | |0 936ln |a k5.7 | ||
| LOK | |0 939 |a 14-08-02 |b l01 | ||
| ORI | |a SA-MARC-krimdoka001.raw | ||
| SIG | |a UB: KB 8 E 9503 | ||
| TIM | |a 100019490505_100020261231 |b 1949-05-05 - 2026 | ||
